Derecho y cambio social: estudios críticos en homenaje a Eduardo Novoa Monreal
Saved in:
| Main Authors: | , |
|---|---|
| Format: | Bog |
| Sprog: | spansk |
| Udgivet: |
Santiago
Ediciones DER
2018
Valparaíso EDEVAL 2018 |
| Udgivelse: | 1a. ed |
| Fag: | |
| Tags: |
Tilføj Tag
Ingen Tags, Vær først til at tagge denne postø!
|
MARC
| LEADER | 00000cam a2200000 a 4500 | ||
|---|---|---|---|
| 001 | UCC5508 | ||
| 003 | CL-VaPUC | ||
| 008 | 181012e20180000cl |||||||||||||||||spa|d | ||
| 020 | |a 9789569959226 | ||
| 082 | 0 | 4 | |a 345 |b AMB |2 21 |
| 100 | 0 | |a Ambos, Kai |e author |9 599803 | |
| 700 | |a Guzmán Dalbora, José Luis |e author |9 599804 | ||
| 245 | 1 | 0 | |a Derecho y cambio social: estudios críticos en homenaje a Eduardo Novoa Monreal |
| 250 | |a 1a. ed | ||
| 300 | |a 326 p | ||
| 942 | |c BK | ||
| 945 | |d 20181012 13:26:00 |a dcastane | ||
| 260 | |a Santiago |b Ediciones DER |c 2018 | ||
| 260 | |a Valparaíso |b EDEVAL |c 2018 | ||
| 650 | 7 | |a DERECHO PENAL |2 CL-VaPUC |9 11 | |
| 650 | 0 | |a Filosofía del derecho |9 255050 | |
| 583 | |a last modification |c 20181012 13:26:00 |k Rodrigo Vera | ||
| 999 | |c 372703 |d 372701 | ||
| 952 | |0 0 |1 0 |3 erb |4 0 |6 345_000000000000000_AMB_2018_2018 |7 0 |8 A |9 490445 |a BIBDER |b BIBDER |i 5505992 |l 6 |o 345 AMB 2018 2018 |p 5505992 |r 2024-10-28 |s 2024-10-28 |w 2019-11-24 |y BK |z Catalogado en:20181012 |k DER | ||